00285nam a2200121Ia 4500008004100000082001600041100001500057245003400072250000800106260002100114300001000135650001800145150201s2009 xx 000 0 und d a617.7bA09K aKHURANA,AK aANATOMY AND PHYSIOLOGY OF EYE a2ND bCBSaDELHIc2009 a1-514 aOPHTHALMOLOGY